| 000 | 00906nam a2200205 a 4500 | ||
|---|---|---|---|
| 008 | 120416s1988 ||||||||||||||||| || u | ||
| 020 | _a0070510075 | ||
| 050 | _aHF 5548.2 Gre | ||
| 100 | _aGremillion, Lee Louis | ||
| 245 | 1 | 0 | _aComputers and information systems in business: an introduction |
| 260 |
_aNew York: _bMcGraw-Hill _c1988 |
||
| 300 | _axxi, 359p.: ill | ||
| 350 | _a0.00 | ||
| 500 | _aIncludes bibliographies and index. | ||
| 650 | _aINFORMATION STORAGE AND RETRIEVAL SYSTEMS-- BUSINESS | ||
| 650 | _aBUSINESS--DATA PROCESSING | ||
| 700 | _aPyburn, Phillip J | ||
| 995 |
_aMAIN LIBRARY OPEN ACCESS _D0.00 _e005225 _FCBU-MAIN LIBRARY (Kitwe) _H2 _I26.95 _jHF 5548.2 Gre _M1 _UAVAILABLE _y005225 _ZMain Library Open Access Collection |
||
| 995 |
_aMAIN LIBRARY OPEN ACCESS _D0.00 _e722130 _FCBU-MAIN LIBRARY (Kitwe) _H1 _I26.95 _jHF 5548.2 Gre _M2 _UAVAILABLE _y018205 _ZMain Library Open Access Collection |
||
| 999 |
_c79694 _d79694 |
||